书目信息 |
| 题名: |
中国丝绸纹样史
|
|
| 作者: | 回顾 著 | |
| 分册: | ||
| 出版信息: | 哈尔滨 黑龙江美术出版社 1990.11 |
|
| 页数: | 238页 | |
| 开本: | 19cm | |
| 丛书名: | ||
| 单 册: | ||
| 中图分类: | J523.1 | |
| 科图分类: | ||
| 主题词: | 工艺美术--中国 | |
| 电子资源: | ||
| ISBN: | 7-5318-0095-0 | |
| 000 | 00541nam0 2200193 45 | |
| 001 | 0003071596 | |
| 005 | 20040521150004.1 | |
| 010 | @a7-5318-0095-0@dCNY18.00 | |
| 100 | @a20000307d1990 km y0chiy0120 ea | |
| 101 | 0 | @achi |
| 105 | @a z 000yy | |
| 200 | 1 | @a中国丝绸纹样史@AZhong Guo Si Chou Wen Yang Shi@f回顾著@FHui Gu Zhu |
| 210 | @a哈尔滨@c黑龙江美术出版社@d1990.11 | |
| 215 | @a238页@c图@d19cm | |
| 606 | 0 | @a工艺美术@y中国 |
| 690 | @aJ523.1@v1 | |
| 701 | 0 | @a回顾@4著 |
| 801 | @aCN@bTSTC@c20000309 | |
| 905 | @dJ523.1@e53@f1@b285692 | |
| 中国丝绸纹样史/回顾著.-哈尔滨:黑龙江美术出版社,1990.11 |
| 238页:图;19cm |
| ISBN 7-5318-0095-0:CNY18.00 |
| ● |
| 相关链接 |
|
|
|
|
正题名:中国丝绸纹样史
索取号:J523.1/53
 
预约/预借
| 序号 | 登录号 | 条形码 | 馆藏地/架位号 | 状态 | 备注 |
| 1 | 0285692 | 002856920 | 第一借阅区/ [索取号:J523.1/53] | 在馆 | |
| 2 | 0285693 | 002856939 | 第一样本阅览室/ [索取号:J523.1/53] | 在馆 |